Quizzes
Events
Quiz Creation
Community
Videos
Private Events
Remove Ads
Sign In
Join for FREE
Feedback
Dark Mode
Quiz Categories
Sports
Geography
Music
Movies
Television
Just For Fun
Miscellaneous
History
Literature
Language
Science
Gaming
Entertainment
Religion
Holiday
For Kids
Quiz Lab
Recent
Popular Today
Quiz Kudos Today
Editor Picks
Curator Picks
Quizzes by...
Day
Popularity
Type
Ratings
Length
Year
Community
Subscriptions
Recent Discussions
Orange Saloon
Badges
Playlists
Quests
Create
Leaderboards
Showdown
Live 5
Trivia Bingo
Activity
Puzzle Library
Sporcle Events
Private Events
Virtual Trivia
Globe League
Become a Host
Pub Owners
SporcleCon
Opinionation
Our Games
Videos
Blog
Mobile Apps
Partnerships
Remove Ads and Go Orange
Feedback
Music
Pop Music
The Beatles
Song
Album
Lyrics
Bands
Singers
Artist
Clip
Rock
Rap
Classical
Billboard
Country Music
Kpop
Taylor Swift
Music
Pop Music
The Beatles
Song
Album
Lyrics
Bands
Singers
Artist
Clip
Rock
Rap
Classical
Billboard
Country Music
Kpop
Taylor Swift
Random Quiz
Search Sporcle
×
Quiz Lab
Quiz Lab
Music
Lyrics
Type in answers that appear in a list
Type in answers that appear in a list
Classic
Best Score? Go Orange.
Come Sail Away Lyrics Stats
Can you name the Lyrics to Come Sail Away?
By
maizenblue1127
6m
27 Questions
175 Plays
175 Plays
175 Plays
Comments
Comments
Give Quiz Kudos
Give Quiz Kudos
-
- Ratings
hide this ad
Replay
Link that replays current quiz
Next Quiz
Link to next quiz in quiz playlist
You Got
0%
They Got
Avg Score
62%
Avg Friend Score
Upgrade to see
Score Distribution
Jump to the score distribution portion of the page
Score
0/27
Timer
06:00
0
Plays Today
lyric
missing lyric
% Correct
On board, I'm the captain
So climb aboard
85.7%
We'll search for tomorrow
on every shore
81.7%
Some happy,
some sad
80%
I think of childhood friends
and the dreams we had
75.4%
'Cause I've got to be free
Free to face the life that's ahead of me
74.9%
But we'll try best that we can
to carry on
74.9%
I'm sailing away,
Set an open course for the Virgin Sea
72.6%
Come sail away, come sail away,
come sail away with me
72.6%
Come sail away, come sail away,
come sail away with me
72.6%
Come sail away, come sail away,
come sail away with me
72.6%
Come sail away, come sail away,
come sail away with me
72.6%
Come sail away, come sail away,
come sail away with me
72.6%
Come sail away, come sail away,
come sail away with me
72.6%
Come sail away, come sail away,
come sail away with me
72.6%
lyric
missing lyric
% Correct
Come sail away, come sail away,
come sail away with me
72.6%
Come sail away, come sail away,
come sail away with me
72.6%
We lived happily forever
So the story goes
72%
And I'll try,
oh Lord, I'll try to carry on
69.1%
They sang to me this song of hope
and this is what they said
66.3%
But somehow we missed out
on the pot of gold
62.9%
A gathering of Angels
appeared above my head
56%
I look to the sea
Reflections in the waves spark my memory
37.7%
I thought that they were Angels,
but to my surprise
35.4%
They said,
'Come sail away, come sail away, come sail away with me lads
29.7%
Singing, come sail away, come sail away,
come sail away with me lads
21.1%
Come sail away, come sail away,
come sail away with me baby
15.4%
We climbed aboard their starship,
we headed for the skies
15.4%
Quiz Playlist
Details
Report
Send in Message
Add To Playlist
Classic:
Type in answers that appear in a list
Last Updated: Feb 16, 2017
Quiz Scoreboard
CHALLENGE
Sign Up to Join the Scoreboard
Show All
Scores
Hide
Comments
May contain spoilers
Recently Published
An Introduction to Baseball
by treessimontrees
Sports
5m
Movies - When Are They Set?
by FPL_Elf
Movies
5m
Popular People in 1961
by mucciniale
History
6m
More to Explore
Quiz From the Vault
Featured Blog Post
Where Did the Easter Bunny Come From?
hide this ad
You Might Also Like...
Tags
Lyrics Quiz
Numbers Quiz
Away
sail
Today's Top Quizzes in Music
Browse Music
hide this ad
Today's Top Quizzes in Lyrics
Browse Lyrics
Top Contributed Quizzes in Music
1
Taylor Swift All Songs (2024)
2
Guess the Artist- 70s Songs
3
KPOP LOGIC QUIZ
4
One Thing in Common: Music
5
2010s Album by Cover III
6
Guess the Taylor Swift song (Mystery Song)
7
Taylor Swift Logic Puzzle
8
2010s Album by Cover IV
9
2010s Album by Cover V
10
Kpop Logic Quiz
Explore More
Trending Topics
Disney
NBA
Crossword
Anime
Kpop
Harry Potter
Marvel
Soccer
Song
The Office
Country
WWE
Pokémon
Puzzle
NFL
hide this ad
More By:
maizenblue1127
Quiz
Plays
Rating
Category
Featured
Created
Ending Rap Song Lyrics
2,605
3.25
Music
Dec 9, 2009
Ocean's Eleven Members
247
3.00
Movies
Oct 16, 2009
Come Sail Away Lyrics
175
5.00
Music
Jan 4, 2010
Go to Creator's Profile
Score Distribution
Quiz Creator Spotlight
maizenblue1127
Follow
Send a Message
Quizzes Created
-
Created Quiz Play Count
-
More By This Creator
Popular Quizzes Today
1
Find the Countries of Europe - No Outlines Minefield
2
Find the US States - No Outlines Minefield
3
The Countries of the World
4
Popular People in 1961
5
US States
6
Find the US States
7
1-10 Letter E Words III
8
Risky Map Clicking: Biggest States A-Z
More Music Quizzes
Squished BTS Music Videos
Quiz Lab
Trending Quizzes
Risky Map Clicking: Least Populous States A-Z
1-10 Letter F Words
1-10 Letter G Words
One Thing in Common: United Kingdom
Not Quite an Element Typing Challenge
Recently Updated
Leaping Animals
pecheneg
Reality TV Shows (A-Z)
bhenderson79
Rickey Henderson's Hall of Fame Teammates
pecheneg
Champions League XIs: Arsenal
pecheneg
Quick Pick: Celebrities in WWE's Hall of Fame
aduchscher
A-Z Keypad Blitz II
pecheneg
Multiple Oscar Actors
pecheneg
Mystery Phrase Blitz: Oscar 'Best Actors'
pecheneg
F. Scott Fitzgerald Novels
LTH
Pick 3 Villains
ddd62291
Trending Topics
NBA
Crossword
Anime
Marvel
Harry Potter
Disney
Kpop
Soccer
NFL
WWE
Puzzle
Song
Pokémon
Country
The Office
Your Account Isn't Verified!
In order to create a playlist on Sporcle, you need to verify the email address you used during registration. Go to your
Sporcle Settings
to finish the process.
Report this User
Report this user for behavior that violates our
Community Guidelines
.
Details:
Send Report
Go to the Sporcle.com Mobile Site →
Comments